Introducción al estudio del Sistema de Posicionamiento Global, GPS

Enregistré dans:
Détails bibliographiques
Auteur principal: Arrufat Molina, Enrique (Auteur)
Format: Livre
Langue:espagnol
Publié: Valencia Universidad Politécnica de Valencia 1995
Collection:Ariel Geografía
Sujets:
Tags: Ajouter un tag
Pas de tags, Soyez le premier à ajouter un tag!

MARC

LEADER 00000nam a2200000 a 4500
001 UCN9984
003 CL-VaPUC
008 020103e19950000SP |||||||||||||||||spa|d
082 0 4 |a 628.045  |b ARR  |2 21 
100 0 |a Arrufat Molina, Enrique  |e author  |9 466544 
245 1 0 |a Introducción al estudio del Sistema de Posicionamiento Global, GPS 
300 |a 171 p 
942 |c BK 
945 |d 20020103 00:00:00  |a cmena 
260 |a Valencia  |b Universidad Politécnica de Valencia  |c 1995 
500 |a ALGUNOS EJEMPLARES EN INST.DE GEOGRAFIA POR PROY.MINEDUC 
650 0 |a Cartografía   |9 266055 
650 7 |a SISTEMA DE POSICIONAMIENTO GLOBAL  |2 CL-VaPUC  |9 466545 
650 7 |a GPS  |2 CL-VaPUC  |9 466546 
650 0 |a Fotogrametría   |9 260424 
650 7 |a SISTEMAS SATELITALES  |2 CL-VaPUC  |9 466547 
583 |a last modification  |c 20020103 00:00:00  |k Rodrigo Vera 
490 0 |a Ariel Geografía 
999 |c 299063  |d 299061 
952 |0 0  |1 0  |4 0  |6 628_045000000000000_ARR_1995  |7 0  |8 A  |9 355196  |a BIBING  |b BIBING  |d 2019-11-21  |i 3786080  |o 628.045 ARR 1995  |p 3786080  |r 2025-01-20  |w 2019-11-21  |y BK  |k GEO